000 00676nam a22002537a 4500
001 28683
003 UA-OsUOA
005 20240111153746.0
007 ta
008 20050420b un ||||| |||| 00| 0 ukr d
020 _a5-94538-116-0
040 _aUA-OsUOA
_brus
_cUA-OsUOA
_dUA-OsUOA
041 _arus
044 _aRU
080 _a904
090 _a904
_bН61
100 _aНизовский А. Ю.
245 _aСто великих археологических открытий
_cА. Ю. Низовский ; гл. ред. С. Н. Дмитриев
260 _aМ.
_bВече
_c2004
300 _a544 с.
650 7 _2UDC
942 _cBK
_2udc
955 _a0
999 _c315053
_d315053